LEADER 00867nam0 2200277 450 001 000016441 005 20081007164158.0 010 $a88-204-1261-6 100 $a20080924d1980----km-y0itay50------ba 101 0 $aita 102 $aIT 105 $ay-------001yy 200 1 $a<>Basic$eteoria ed esercizi$fEnrico Spoletini 205 $a4. ed 210 $aMilano$cFranco Angeli$d1980 215 $a294 p.$d22 cm 225 2 $aCollana dei Quaderni di informatica$v2 410 0$12001$aCollana dei Quaderni di informatica$v2 610 1 $aMicroelaboratori elettronici - Linguaggio Basic 676 $a001.642$v20$9Elaborazione dei dati. Programmi 700 1$aSpoletini,$bEnrico$01933 801 0$aIT$bUNIPARTHENOPE$c20080924$gRICA$2UNIMARC 912 $a000016441 951 $aS 001.6424/1$bS 897$cDSA$d2008 996 $aBasic$9118238 997 $aUNIPARTHENOPE LEADER 00978cam0 22002531 450 001 SOBE00075317 005 20230309131211.0 100 $a20230309d1930 |||||ita|0103 ba 101 $afre 102 $aIT 200 1 $aSynthèse de Littérature Française depuis ses origines jusqu'à nos jours exposée par schèmes en 23. tableaux à l'usage des écoles moyennes d'Italie$fAuguste Caricati 210 $aMilan$cSignorelli$d1930 215 $a47 p.$d25 cm 500 10$aSynthèse de littérature française$3SOBA00027051$93041311 700 1$aCaricati$b, Augusto$3A600200061786$4070$0201968 801 0$aIT$bUNISOB$c20230309$gRICA 850 $aUNISOB 852 $aUNISOB$j840$m178982 912 $aSOBE00075317 940 $aM 102 Monografia moderna SBN 941 $aM 957 $a840$b001778$gSI$d178982$n20230309$rdono$tI$1gargio1$2UNISOB$3UNISOB$420230309131140.0$520230309131211.0$6gargio1 996 $aSynthèse de littérature française$93041311 997 $aUNISOB LEADER 01990oam 2200541 a 450 001 9910699152803321 005 20091029110351.0 035 $a(CKB)5470000002400368 035 $a(OCoLC)427571397 035 $a(EXLCZ)995470000002400368 100 $a20090723d2009 ua 0 101 0 $aeng 135 $aurmn||||||||| 181 $ctxt$2rdacontent 182 $cc$2rdamedia 183 $acr$2rdacarrier 200 10$aDisaster assistance$b[electronic resource] $egreater coordination and an evaluation of programs' outcomes could improve disaster case management : report to congressional requesters 210 1$a[Washington, D.C.] :$cU.S. Govt. Accountability Office,$d[2009] 215 $a1 online resource (ii, 51 pages) $cillustrations 300 $aTitle from PDF title screen (GAO, viewed July 23, 2009). 300 $a"July 2009." 300 $a"GAO-09-561." 320 $aIncludes bibliographical references. 517 $aDisaster assistance 606 $aDisaster relief$xGovernment policy$zUnited States 606 $aDisaster relief$zGulf States$xEvaluation 606 $aEmergency management$zGulf States$xEvaluation 606 $aInteragency coordination$zUnited States$xEvaluation 606 $aHurricane Katrina, 2005 606 $aHurricane Rita, 2005 606 $aEmergency management$xGovernment policy$zUnited States 606 $aDisaster relief$zUnited States$xFinance 615 0$aDisaster relief$xGovernment policy 615 0$aDisaster relief$xEvaluation. 615 0$aEmergency management$xEvaluation. 615 0$aInteragency coordination$xEvaluation. 615 0$aHurricane Katrina, 2005. 615 0$aHurricane Rita, 2005. 615 0$aEmergency management$xGovernment policy 615 0$aDisaster relief$xFinance. 801 0$bDID 801 1$bDID 801 2$bESR 801 2$bGPO 906 $aBOOK 912 $a9910699152803321 996 $aDisaster assistance$93133189 997 $aUNINA